| 000 | 00737 a2200193 4500 | ||
|---|---|---|---|
| 020 | _a0387292918 | ||
| 020 | _a9780387292915 | ||
| 040 |
_aDLC _bDLC |
||
| 245 | 0 | 0 |
_aComplex orthogonal space-time processing in wireless communications _cLe Chung Tran ... [et al.] |
| 260 |
_aNew York, NY : _bSpringer, _cc2006. |
||
| 300 |
_axxii, 237 p. ; _c24 cm. |
||
| 650 | 0 | _aMIMO systems. | |
| 650 | 0 | _aMobile communication systems. | |
| 650 | 0 | _aWireless communication systems. | |
| 700 | 1 | _aTran, Le Chung. | |
| 856 | 4 | 2 |
_3Publisher description _uhttp://www.loc.gov/catdir/enhancements/fy0663/2005933881-d.html |
| 856 | 4 | 2 |
_3Table of contents only _uhttp://www.loc.gov/catdir/enhancements/fy0824/2005933881-t.html |
| 942 |
_cBK _k621.382 TRA _2ddc |
||
| 999 |
_c8229 _d8229 |
||